| 000 | 01460nam0a2200325 4500 | ||
|---|---|---|---|
| 001 | RU\NLR\bibl\1361723 | ||
| 005 | 20250615183824.0 | ||
| 010 |
_a978-5-88996-868-9 _9200 |
||
| 021 |
_aRU _b2009-15119 _9896 |
||
| 035 | _a(NLR Aleph) 001353894 | ||
| 090 |
_a938324 _c938324 |
||
| 100 | _a20090424d2008 |||y0rusy50 ca | ||
| 101 | 0 | _arus | |
| 102 | _aRU | ||
| 105 | _aa ||||||||| | ||
| 200 | 1 |
_aИстория банковского дела _eучебное пособие _fН.П. Корчажкина _gФедерал. агентство по образованию, Гос. образоват. учреждение высш. проф. образования "С.-Петерб. гос. инж.-экон. ун-т" |
|
| 210 |
_aСанкт-Петербург _cСПбГИЭУ _d2008 |
||
| 215 |
_a111,[2] с. _cил. _d20 |
||
| 300 | _aНа 4-й с. обл. авт.: Корчажкина Н.П. - к.э.н., доц. | ||
| 320 | _aБиблиогр.: с. 111-112 (27 назв.) | ||
| 606 | 1 |
_aБанковское дело _jУчебные издания для высших учебных заведений _xИстория _92127142 _3RU\NLR\auth\661283810 |
|
| 686 | _aУ26(0)210-03я73 | ||
| 686 | _aУ26(2)210-03я73 | ||
| 700 | 1 |
_aКорчажкина _bН. П. _gНаталья Павловна _4070 |
|
| 801 | 0 |
_aRU _bNLR _c20090424 _gRCR |
|
| 801 | 1 |
_aRU _bNLR _c20090424 |
|
| 830 | _aавт. по кн. | ||
| 942 | _cBOOK | ||
| 980 | _aNB | ||